• 首页
  • 本馆介绍
  • 公告通知
  • 最新文献
  • 馆藏检索
  • 电子资源
  • 读者导购
  • 参考咨询
  • 我的图书馆
  • 登录
  • 详细信息显示
  • 放入我的书架
  • 预约/预借图书
  • 作者相关作品
  • 分类相关作品
  • 丛书相关作品
  • 出版社相关作品

书目信息

  • 表格格式
  • 工作单格式
  • 卡片格式
题名:
航天飞机
    
 
作者: 沈其中 编著
分册:  
出版信息: 北京   科学普及出版社  1984.8
页数: 165页
开本: 20cm
丛书名:
单 册:
中图分类: V475.2
科图分类:
主题词: 航天器 , 航天器--运载工具
电子资源:
ISBN:
000 00599nam0 2200217 45
001 0312221749
005 20040513161028.3
010    @dCNY0.60
091    @a15051.1110
100    @a20031222d1984 km y0chiy0120 ea
101    @achi
105    @a z 000yy
200 1  @a航天飞机@AHang Tian Fei Ji@f沈其中等编著@FShen Qi Zhong Deng Bian Zhu@e开发宇宙的"挑战者"
210    @a北京@c科学普及出版社@d1984.8
215    @a165页@d20cm
606 0  @a航天器
606 0  @a航天器@x运载工具
690    @aV475.2@v3
701 0  @a沈其中@4编著
801    @aCN@bTSTCL@c20031222
905    @dV475.2@e3@f2@b120554-555
    
    航天飞机/沈其中等编著:开发宇宙的"挑战者".-北京:科学普及出版社,1984.8
    165页;20cm
    
    
    ISBN :CNY0.60
    
●
相关链接 在E读中查询图书 在五车中查询图书 在当当中查询图书 在豆瓣中查询图书


正题名:航天飞机     索取号:V475.2/3         预约/预借

序号 登录号 条形码 馆藏地/架位号 状态 备注
1 0120554   001486911   第三借阅区/ [索取号:V475.2/3] 在馆    
2 0120555   000566523   第三借阅区/ [索取号:V475.2/3] 在馆    
3 0120556   001486902   第二样本阅览室/ [索取号:V475.2/3] 在馆    
唐山师范学院图书馆 欢迎您!
大连网信软件有限公司© 版权所有